Thường thức về bệnh cận thị

Сохранить в:
Библиографические подробности
Главный автор:  Tiến Sinh
Формат: Sách
Язык:Undetermined
Опубликовано:  Văn hoá - Thông tin  2011
Предметы:
Метки: Добавить метку
Нет меток, Требуется 1-ая метка записи!
Thư viện lưu trữ: Trung tâm Thư viện - Trường Đại học Công nghiệp TP. Hồ Chí Minh
LEADER 00506nam a2200157Ia 4500
001 UIH_07027
008 231011s9999 xx 000 0 und d
082 |a  617.755 
100 |a  Tiến Sinh 
245 0 |a  Thường thức về bệnh cận thị 
245 0 |c  Tiến Sinh 
260 |b  Văn hoá - Thông tin 
260 |c  2011 
650 |a  Bệnh cận thị;  
927 |a Sách 
980 |a Trung tâm Thư viện - Trường Đại học Công nghiệp TP. Hồ Chí Minh